000 00388nam a22001577a 4500
003 OSt
005 20260312111224.0
008 260312b |||||||| |||| 00| 0 eng d
020 _a9788131769577
040 _cIIMT UNIVERSITY, MEERUT
100 _aAnil Dutta Mishra
245 _aGandhi Ek Adhayayan
260 _aNEW DELHI
_bPearson Education
_c2025
300 _a284
942 _2ddc
_c02
999 _c67171
_d67171